Sangre en el barrio del Jefe / (Registro nro. 13695)

Detalles MARC
000 -LEADER
fixed length control field 01928nam a2200421 a 4500
001 - CONTROL NUMBER
control field 000000515
003 - CONTROL NUMBER IDENTIFIER
control field OSt
005 - DATE AND TIME OF LATEST TRANSACTION
control field 20210831102148.0
008 - FIXED-LENGTH DATA ELEMENTS--GENERAL INFORMATION
fixed length control field 081122s2008 dr ac 000 0 spa d
020 ## - INTERNATIONAL STANDARD BOOK NUMBER
International Standard Book Number 9789945140194
020 ## - INTERNATIONAL STANDARD BOOK NUMBER
International Standard Book Number
040 ## - CATALOGING SOURCE
Original cataloging agency DO-SdBNP
Language of cataloging spa
Transcribing agency BPMSU
082 ## - DEWEY DECIMAL CLASSIFICATION NUMBER
Classification number 972.93053
Item number G861s 2008
Edition number 22
100 1# - MAIN ENTRY--PERSONAL NAME
Personal name Grimaldi, Víctor,
Dates associated with a name 1949-
245 10 - TITLE STATEMENT
Title Sangre en el barrio del Jefe /
Statement of responsibility, etc. Víctor Grimaldi ; edición Cándido Gerón
250 ## - EDITION STATEMENT
Edition statement 3a. ed.
260 ## - PUBLICATION, DISTRIBUTION, ETC. (IMPRINT)
Place of publication, distribution, etc. Santo Domingo :
Name of publisher, distributor, etc. Archivo General de la Nación,
Date of publication, distribution, etc. 2008.
300 ## - PHYSICAL DESCRIPTION
Extent 352 p. :
Other physical details il., retrs. ;
Dimensions 26 cm.
490 0# - SERIES STATEMENT
Series statement Archivo General de la Nación
500 ## - GENERAL NOTE
General note Incluye datos biográficos del autor en las solapas
500 ## - GENERAL NOTE
General note Incluye índice onomástico
500 ## - GENERAL NOTE
General note Documentos del Archivo General de la Nación
504 ## - BIBLIOGRAPHY, ETC. NOTE
Bibliography, etc Bibliografía : p. 339-344
505 0# - FORMATTED CONTENTS NOTE
Title Presentación --
-- De la Maza y Bernardino --
-- Testimonios, entrevistas y documentos --
-- Correspondencias del embajador Julio Vega Batle y Félix W. Bernardino en Cuba --
-- La embajada dominicana en La Habana y la muerte de Pipí Hernández --
-- Otras entrevistas sobre Trujillo, su familia y los héroes del 30 de mayo de 1961 --
-- Epílogo --
-- Apéndice --
-- Bibliografía --
-- Índice onomástico.
590 ## - LOCAL NOTE (RLIN)
Local note Inventariado, 2020/VM
600 14 - SUBJECT ADDED ENTRY--PERSONAL NAME
Personal name Trujillo Molina, Rafael Leónidas,
Dates associated with a name 1891-1961
651 #4 - SUBJECT ADDED ENTRY--GEOGRAPHIC NAME
Geographic name República Dominicana
General subdivision Historia
-- Era de Trujillo
Chronological subdivision 1930-1961
651 #4 - SUBJECT ADDED ENTRY--GEOGRAPHIC NAME
Geographic name República Dominicana
General subdivision Política y gobierno
Chronological subdivision 1930-1961
651 #4 - SUBJECT ADDED ENTRY--GEOGRAPHIC NAME
Geographic name República Dominicana
General subdivision Relaciones exteriores
Geographic subdivision Cuba
651 #4 - SUBJECT ADDED ENTRY--GEOGRAPHIC NAME
Geographic name Cuba
General subdivision Relaciones Exteriores
Geographic subdivision República Dominicana
700 1# - ADDED ENTRY--PERSONAL NAME
Personal name Gerón, Candido
Relator term ed.
710 2# - ADDED ENTRY--CORPORATE NAME
Corporate name or jurisdiction name as entry element Archivo General de la Nación (República Dominicana)
810 z# - SERIES ADDED ENTRY--CORPORATE NAME
Corporate name or jurisdiction name as entry element República Dominicana.
Subordinate unit Archivo General de la Nación
810 z# - SERIES ADDED ENTRY--CORPORATE NAME
Corporate name or jurisdiction name as entry element AGN
830 ## - SERIES ADDED ENTRY--UNIFORM TITLE
Uniform title Archivo General de la Nación
910 ## - USER-OPTION DATA (OCLC)
User-option data VMateo
942 ## - ADDED ENTRY ELEMENTS (KOHA)
Source of classification or shelving scheme Dewey Decimal Classification
Koha item type Libros
Existencias
Withdrawn status Lost status Source of classification or shelving scheme Damaged status Not for loan Collection code Home library Current library Date acquired Source of acquisition Total Checkouts Full call number Barcode Date last seen Price effective from Koha item type Copy number
    Dewey Decimal Classification     Colección Dominicana Biblioteca Pública Metropolitana Salomé Ureña Biblioteca Pública Metropolitana Salomé Ureña 08/31/2021 BNPHU   BPMSU CD 972.93053 G861s 2008 BPMSU21080114 08/31/2021 08/31/2021 Libros  
    Dewey Decimal Classification     Colección Dominicana Biblioteca Pública Metropolitana Salomé Ureña Biblioteca Pública Metropolitana Salomé Ureña 08/31/2021 BNPHU   BPMSU CD 972.93053 G861s 2008 BPMSU21080115 08/31/2021 08/31/2021 Libros e.2
    Dewey Decimal Classification     Colección Dominicana Biblioteca Pública Metropolitana Salomé Ureña Biblioteca Pública Metropolitana Salomé Ureña 08/31/2021 BNPHU   BPMSU CD 972.93053 G861s 2008 BPMSU25120018 12/02/2025 08/31/2021 Libros e.3